| 000 | 00334nam a22001337a 4500 | ||
|---|---|---|---|
| 003 | SGT | ||
| 082 |
_a617.6 _bF10U |
||
| 100 | _aSWATI, UPPAL | ||
| 245 | _aFIXED PARTIAL DENTURE A & A SPLINT FOR PERIODONTICS | ||
| 260 |
_aDELHI NCR _bSGT UNIVERSITY GURUGRAM _c2010 |
||
| 300 | _a1-82 | ||
| 650 | _aPROSTHODONTICS | ||
| 942 |
_2ddc _cTH |
||
| 999 |
_c17954 _d17954 |
||